| 000 | 02224nam0a2200373 4500 | ||
|---|---|---|---|
| 001 | RU\NLR\BIBL_A\012787472 | ||
| 005 | 20220706165505.0 | ||
| 010 |
_a978-5-04-121736-5 _95000 |
||
| 021 |
_aRU _bКН-П-22-007162 _9КН-П-22-0581 |
||
| 035 | _a(NLR Aleph) 012787472 | ||
| 035 | _a(RuMoRGB)010973281 | ||
| 090 |
_a13142569 _c13142569 |
||
| 100 | _a20220516d2022 u y0rusy50 ca | ||
| 101 | 1 |
_arus _ceng |
|
| 102 | _aRU | ||
| 105 | _ay z 000ay | ||
| 181 | 0 |
_ai4 _baxxe |
|
| 182 | 0 | _an | |
| 200 | 1 |
_aСекс без любви _fВи Киланд _gперевод с английского Нины Лебедевой |
|
| 203 |
_aТекст _bвизуальный _cнепосредственный |
||
| 210 |
_aМосква _cЭксмо _d2022 |
||
| 215 |
_a348, [1] с. _d20 |
||
| 225 | 1 | _aModern love | |
| 330 | _aНа свадьбе у подруги Наталья приметила симпатичного холостяка, Адама, и решила, что непременно проведет с ним вечер. Но ее планы оказались под угрозой из-за ироничных комментариев Хантера, еще одного гостя, который, кажется, решил забавы ради разрушить все ее романтические планы. Хантеру не отказать в обаянии и остроумии, но вот его самоуверенность... Ох, Наталья всего лишь хотела его проучить! А в итоге их знакомство заходит немного дальше, чем планировалось. Это влечет за собой лишь проблемы. Потому что Наталья точно знает - есть типажи мужчин, которых лучше избегать | ||
| 333 | _a18+ | ||
| 675 |
_a821.111(73)-31 _v4 |
||
| 686 | 1 | _aШ6(7США)67-440.4{Лх1979-50} | |
| 700 | 1 |
_aКиланд _bВ. _gВи _3RU\NLR\AUTH\770178727 |
|
| 942 | _cBOOK | ||
| 980 | _aNB | ||
| 980 | _aSUPPRESS | ||